Sports Quiz

Random Sports or NBA Quiz

2011-12 NBA Season: 30+ Point Games Quiz Stats

 Plays Quiz not verified by Sporcle

Score 0/90 Timer 08:00
0 Plays Today
# Player % Correct
25Kevin Durant
99.8%
24Kobe Bryant
99.6%
24Lebron James
99.6%
16Russell Westbrook
99.1%
14Carmelo Anthony
99%
10Derrick Rose
98.6%
8Dwyane Wade
98.6%
1David West
98%
19Kevin Love
98%
7Chris Paul
97.4%
8Dirk Nowitzki
96.8%
5Chris Bosh
96.5%
5Dwight Howard
96.3%
6Paul Pierce
96.2%
7Tony Parker
95.8%
4Blake Griffin
94.6%
6Joe Johnson
94.5%
7Deron Williams
94.2%
1Mo Williams
93.7%
8Josh Smith
93.3%
13Monta Ellis
93%
7Andrew Bynum
91.2%
5LaMarcus Aldridge
89.7%
3John Wall
89.6%
3Rajon Rondo
89.3%
1Pau Gasol
88.9%
8Brandon Jennings
87.6%
3Stephen Curry
85.6%
3James Harden
84.6%
3Danny Granger
83.6%
# Player % Correct
1Kyrie Irving
81.2%
5Al Jefferson
80.1%
3DeMarcus Cousins
77.1%
4Antawn Jamison
74.9%
4Kevin Martin
74.1%
1Amare Stoudemire
73.8%
1Tyreke Evans
71.5%
5Andrea Bargnani
71%
2David Lee
70.8%
1Carlos Boozer
70.4%
1Steve Nash
69.4%
1Brook Lopez
66.9%
4Rodney Stuckey
66%
2Paul Millsap
65.5%
1Rudy Gay
65.5%
1Ben Gordon
64.1%
1Eric Gordon
64%
1Jeremy Lin
64%
3Greg Monroe
63.7%
2Danilo Gallinari
62.2%
1Gerald Wallace
60.2%
1Jason Terry
58.8%
1DeMar DeRozan
58.7%
1Jarrett Jack
58.7%
1Luis Scola
58.2%
1Nick Young
57.5%
1Roy Hibbert
57.5%
1Glen Davis
56.5%
2Kyle Lowry
56.4%
1Paul George
55.8%
# Player % Correct
1Jose Calderon
52.8%
1Patrick Mills
52.3%
1Chauncey Billups
51.7%
1Ryan Anderson
50.7%
1Stephen Jackson
50.6%
1Jason Richardson
50%
3Jordan Crawford
48%
2Jamal Crawford
48%
1Raymond Felton
47.8%
2Nicholas Batum
43.3%
1Jrue Holiday
43.2%
1Klay Thompson
42.6%
1Gerald Henderson
41.7%
1Kris Humphries
41.4%
2Wesley Matthews
40.1%
1Michael Beasley
38.5%
2Arron Afflalo
38.5%
1Gerald Green
35.4%
1J.J. Redick
34.4%
2Ersan Ilyasova
31.9%
2Marcus Thornton
31.7%
1Al Harrington
28.9%
1Anthony Morrow
26.2%
1Nikola Pekovic
25.6%
1Shannon Brown
23.3%
1Nate Robinson
22.3%
1Jodie Meeks
19.6%
1Byron Mullens
14.1%
1Linas Kleiza
10.3%
1Jerryd Bayless
8.9%

You're not logged in!

Compare scores with friends on all Sporcle quizzes.
Join for Free
OR
Log In

You Might Also Like...

Show Comments

Extras

Top Quizzes Today


Score Distribution

Your Account Isn't Verified!

In order to create a playlist on Sporcle, you need to verify the email address you used during registration. Go to your Sporcle Settings to finish the process.

Report this User

Report this user for behavior that violates our Community Guidelines.

Details: